MARC

LEADER 00000nam0a2200000 4500
001 77123
005 20231031092231.0
035 |a (RuTPU)RU\TPU\book\82703 
035 |a RU\TPU\book\58293 
090 |a 77123 
100 |a 20050513d1976 m y0rusy50 ca 
101 0 |a rus 
102 |a UA 
105 |a a j 001zy 
200 1 |a Теоретические основы информационно-измерительной техники  |e учебник  |f П. П. Орнатский 
210 |a Киев  |c Выща школа  |d 1976 
215 |a 430 с.  |c ил. 
320 |a Библиогр.: с. 421-425. 
451 1 |0 (RuTPU)RU\TPU\book\58293  |t Теоретические основы информационно-измерительной техники  |o учебник  |f П. П. Орнатский  |e 2-е изд., перераб. и доп.  |c Киев  |n Выща школа  |d 1983  |p 455 с.  |a Орнатский, Петр Павлович 
610 1 |a информатика 
610 1 |a информационные системы 
610 1 |a измерительные системы 
610 1 |a измерительная техника 
610 1 |a измерения 
610 1 |a контроль 
610 1 |a точность 
610 1 |a погрешности 
610 1 |a измерительные сигналы 
610 1 |a кодирование 
610 1 |a квантование 
610 1 |a результаты 
610 1 |a метрологическое обеспечение 
610 1 |a учебники 
610 1 |a обработка 
675 |a 681.2(075.8)  |v 3 
675 |a 681.391.08(075.8)  |v 3 
700 1 |a Орнатский  |b П. П.  |g Петр Павлович 
801 1 |a RU  |b 63413507  |c 20030917  |g PSBO 
801 2 |a RU  |b 63413507  |c 20180820  |g PSBO 
900 |a Теоретические основы информационно-измерительной техники 
942 |c BK